000 00752nas a2200253 4500
001 BR8500278
003 BR-BrBNA
005 20231205090056.0
007 ta
008 230509b bl.|||p| |||| 00| 00por d
040 _aBR-BrBNA
_bpor
_cBiblioteca Nacional de Agricultura
041 _a(Pt)
072 _aL10
100 1 _aNunes, J.F.
100 1 _aFeliciano Silva, A.E.D.
245 1 _aTecnologia do semen resfriado em caprinos
246 1 _aTechnology of refrigerated goat semen
650 _aCAPRINO
650 _aSEMEN
650 _aRESFRIAMENTO
773 0 _tRevista Brasileira de Reproducao Animal (Brazil)
_xISSN 0102-0803
_g(1984), v. 8(2) p. 121-127
_wBR8500278
909 _a202311
_bLúcia
_c55
_dLúcia Elande
942 _2AGRIS
_n0
_cANA
999 _c115990
_d115990